Geography Quiz

Random Geography or Blitz Quiz

Find the Countries of Asia by Capital Quiz Stats

 Plays Quiz Updated Feb 6, 2017

Score 0/49 Timer 06:00
2 Plays Today
% Correct
Beijing, China
91.1%
Moscow, Russia
90.9%
Tokyo,
Japan
90.6%
New Delhi,
India
90.4%
Seoul,
South Korea
89%
Pyongyang,
North Korea
86%
Ankara. Turkey
85.8%
Taipei, Taiwan
83.7%
Manila,
Philippines
83.4%
Jakarta, Indonesia
83.3%
Hanoi,
Vietnam
82.3%
Tehran,
Iran
82.3%
Jerusalem,
Israel
81.2%
Islamabad,
Pakistan
80.5%
Ulaanbaatar,
Mongolia
80.5%
Bangkok, Thailand
80.3%
Riyadh,
Saudi Arabia
80.1%
Singapore
78.8%
Baghdad,
Iraq
78.7%
Kathmandu,
Nepal
78.6%
Kabul,
Afghanistan
77.6%
Kuala Lumpur, Malaysia
76.6%
Kuwait City,
Kuwait
76.3%
Sri Jayawardenepura
Kotte, Sri Lanka
75.3%
Damascus,
Syria
74.4%
% Correct
Abu Dhabi,
UAE
72.7%
Phnom Penh,
Cambodia
72.5%
Beirut,
Lebanon
71.5%
Astana,
Kazakhstan
68.9%
Muscat, Oman
67.8%
Vientiane, Laos
67.3%
Sana'a, Yemen
67%
Dhaka, Bangladesh
65.4%
Amman,
Jordan
64.8%
Male,
Maldives
64.1%
Tbilisi, Georgia
63.3%
Naypyidaw,
Myanmar
62%
Doha, Qatar
58.6%
Baku,
Azerbaijan
58.1%
Thimphu,
Bhutan
58%
Ramallah,
Palestine
57.6%
Dili, Timor-Leste
55.5%
Tashkent,
Uzbekistan
55.1%
Bishkek,
Kyrgyzstan
55%
Bandar
Seri
Begawan,
Brunei
54.5%
Ashgabat,
Turkmenistan
53.2%
Yerevan,
Armenia
52.9%
Dushanbe, Tajikistan
48.6%
Manama, Bahrain
43.6%

You're not logged in!

Compare scores with friends on all Sporcle quizzes.
OR
Log In

You Might Also Like...

Show Comments

Extras

Top Quizzes Today


Score Distribution

Your Account Isn't Verified!

In order to create a playlist on Sporcle, you need to verify the email address you used during registration. Go to your Sporcle Settings to finish the process.

Report this User

Report this user for behavior that violates our Community Guidelines.

Details: